00605nam a2200169Ia 4500008004100000020001800041041000800059082001800067100002500085245007700110250000600187260005500193300001500248650002600263999001900289952012700308210716s9999 xx 000 0 und d a9780070620230 aeng a658.1511 KHAM aKhan, M Y;Jain, P K. aManagement accounting: text problems and cases.bText problems and cases a4 aNew DelhibTata McGraw Hill Publishing Company Ltd axxii,23.53 aManagement Accounting c203726d203726 001040708MBAaAIMITbAIMITd2009-09-16g450.00l0o658.1511 KHAMpMBA06292r2026-05-23 00:00:00v337.50w2021-07-16yBK